25 kleinste Länder - Statistiken

Allgemein
  • Dieses Quiz wurde 179 mal gespielt
  • Das Durchschnittsergebnis liegt bei 18 aus 25
Antwortstatistiken
Fläche in km² Länder % Korrekt
0,44 Vatikan
99%
468 Andorra
94%
160 Liechtenstein
94%
61 San Marino
93%
2,0 Monaco
92%
616 St. Lucia
79%
316 Malta
76%
261 St. Kitts und Nevis
74%
389 St. Vincent und die Grenadinen
74%
26 Tuvalu
72%
21 Nauru
71%
455 Seychellen
70%
459 Palau
68%
747 Tonga
68%
430 Barbados
67%
298 Malediven
67%
344 Grenada
66%
702 Föderierte Staaten von Mikronesien
64%
443 Antigua und Barbuda
63%
181 Marshallinseln
63%
751 Dominica
61%
719 Singapur
61%
811 Kiribati
58%
964 São Tomé und Príncipe
54%
760 Bahrain
50%
Keine übereinstimmenden Quizze gefunden
Verteilung der Resultate
Anzahl Personen mit jedem Resultat
Perzentil nach korrekt beantworteten Fragen
Ihre Resultats-Entwicklung
Sie haben dieses Quiz noch nicht gespielt